000 00356nam a22001217a 4500
008 180423b xxu||||| |||| 00| 0 eng d
041 _aeng
080 _a043.3
100 _a0
101 _aSHKI-BTH
245 _aAnalizë e teknologjisë WorldWide Interoperability For microwave Access ( WiMAX) dhe Logn Term Evolution (LTE)
_cJashari,A
942 _2udc
_cBK
999 _c45424
_d45424